| 000 | 00539nam a2200181Ia 4500 | ||
|---|---|---|---|
| 999 |
_c2509 _d2509 |
||
| 020 | _a81-7656-296-3 | ||
| 082 | _a005.133 PER; | ||
| 245 | 0 | _aPerl,CGI,and Java script complete | |
| 260 |
_aNew Delhi _bBPB Publications _c2000 |
||
| 300 | _axxxiv, 971p. | ||
| 504 | _aIncludes index | ||
| 650 | _aProgramming languages (electronic computers) | ||
| 650 | _aJava script (computer program language) | ||
| 650 | _aCGI (computer network protocol) | ||
| 650 | _aPerl (computer program language) | ||
| 650 | _aComputer networks | ||
| 942 | _cBK | ||